"Bóhasár", vagy "Bóhasás"?

Bibliographic Details
Main Author: Ág, Tibor, 1928-2013 (Author)
Format: Article
Language:Hungarian
ISSN:1335-6445
Subjects:

MARC

LEADER 00000nab a2200000 a 4500
001 vtls009479385
003 SK-MaSNL
005 20260303201528.0
008 141024c2009 xo |||||||| 000 b|hun
015 |a SNBRB2009/03  |2 snkbucl 
038 |a SNKBUCL 
040 |a DSZK  |b slo  |c DSZK  |e AACR2 
041 0 |a hun 
044 |a xo  |c SK 
080 |a 78.071.1/.2:784.4  |2 1997 
080 |a 784.4  |x (=511.141)  |x (437.6)  |2 1997 
080 |a 81`271.14  |2 1997 
100 1 |a Ág, Tibor,  |d 1928-2013  |4 aut  |9 174546 
245 1 0 |a "Bóhasár", vagy "Bóhasás"?  |c Ág Tibor 
500 |a Text obsahuje 3 piesne 
600 1 7 |a Bartók, Béla,  |d 1881-1945  |2 snkbucl  |9 234474 
650 0 7 |a ľudové piesne  |2 snkbucl  |9 1941 
650 0 7 |a hudobné zbierky  |2 snkbucl  |9 3474 
650 0 7 |a zberateľská činnosť  |2 snkbucl  |9 1036245 
651 7 |a Veľký Meder (Slovensko)  |2 snkbucl  |9 19224 
740 0 2 |a Alsógellér bóhasás 
740 0 2 |a Hej, Sár elő, Sár elő 
740 0 2 |a Ásógellér, bóhavár 
773 0 |t Katedra  |g Évf. XVI, sz. 6 (2009), o. 21-22  |x 1335-6445 
852 |a SNK  |b KIS3GCP 
852 |a DSZK  |b KIS3GCP 
958 |a HU 
958 |a SK 
999 |c 2174643  |d 2176573